Cuerpo humano / (Record no. 22445)

MARC details
000 -LEADER
fixed length control field 01304nam a2200361 i 4500
001 - CONTROL NUMBER
control field sjds2145914
003 - CONTROL NUMBER IDENTIFIER
control field sjds
005 - DATE AND TIME OF LATEST TRANSACTION
control field 20190624233519.0
008 - FIXED-LENGTH DATA ELEMENTS--GENERAL INFORMATION
fixed length control field 180129s2018 enka c 001 0 spa d
020 ## - INTERNATIONAL STANDARD BOOK NUMBER
International Standard Book Number 9781465473745
035 ## - SYSTEM CONTROL NUMBER
System control number (PWmBRO)BRDbd18029022
035 ## - SYSTEM CONTROL NUMBER
System control number 2070927
035 ## - SYSTEM CONTROL NUMBER
System control number 2070927
040 ## - CATALOGING SOURCE
Language of cataloging eng
Description conventions rda
Transcribing agency sjds
041 1# - LANGUAGE CODE
Language code of text/sound track or separate title spa
Language code of original eng
130 0# - MAIN ENTRY--UNIFORM TITLE
Uniform title Human body.
Language of a work Spanish.
245 10 - TITLE STATEMENT
Title Cuerpo humano /
Statement of responsibility, etc. redaccion, Anna Claybourne, John Farndon, John Friend, Nicola Temple ; ilustraciones, Arran Lewis ; ilustraciones adicionales, Michael Parkin, Maltings Partnership ; traduccion, Ruben Giro i Anglada.
246 1# - VARYING FORM OF TITLE
Display text At head of title:
Title proper/short title DK
250 ## - EDITION STATEMENT
Edition statement Primera edicion.
260 ## - PUBLICATION, DISTRIBUTION, ETC. (IMPRINT)
Place of publication, distribution, etc. London :
Name of publisher, distributor, etc. Dorling Kindersley Limited
Date of publication, distribution, etc. 2018.
264 #1 - PRODUCTION, PUBLICATION, DISTRIBUTION, MANUFACTURE, AND COPYRIGHT NOTICE
Place of production, publication, distribution, manufacture London :
Name of producer, publisher, distributor, manufacturer Dorling Kindersley Limited,
Date of production, publication, distribution, manufacture, or copyright notice 2018.
300 ## - PHYSICAL DESCRIPTION
Extent 208 pages :
Other physical details illustrations (some color) ;
Dimensions 31 cm
336 ## - CONTENT TYPE
Content type term text
Content type code txt
Source rdacontent
337 ## - MEDIA TYPE
Media type term unmediated
Media type code n
Source rdamedia
338 ## - CARRIER TYPE
Carrier type term volume
Carrier type code nc
Source rdacarrier
500 ## - GENERAL NOTE
General note Includes index.
521 1# - TARGET AUDIENCE NOTE
Target audience note 8-12
Source Brodart.
650 #0 - SUBJECT ADDED ENTRY--TOPICAL TERM
Topical term or geographic name as entry element Human body
Form subdivision Juvenile literature.
650 #0 - SUBJECT ADDED ENTRY--TOPICAL TERM
Topical term or geographic name as entry element Human anatomy
Form subdivision Juvenile literature.
650 #0 - SUBJECT ADDED ENTRY--TOPICAL TERM
Topical term or geographic name as entry element Human physiology
Form subdivision Juvenile literature.
650 #0 - SUBJECT ADDED ENTRY--TOPICAL TERM
Topical term or geographic name as entry element Spanish language materials
Form subdivision Juvenile literature.
942 ## - ADDED ENTRY ELEMENTS (KOHA)
Koha item type Libro/Book
Source of classification or shelving scheme Dewey Decimal Classification
Holdings
Withdrawn status Lost status Damaged status Not for loan Home library Current library Date acquired Total Checkouts Full call number Barcode Date last seen Date checked out Price effective from Koha item type Source of classification or shelving scheme
        La Puerta Biblioteca -- Satellite La Puerta Biblioteca -- Satellite 21/05/2019 18   40301969 03/08/2024 20/10/2022 21/05/2019 Libro/Book Dewey Decimal Classification
        San Juan Del Sur -- Biblioteca San Juan Del Sur -- Biblioteca 15/05/2019 3 REF 30008896 05/01/2024 06/05/2022 15/05/2019 Libro/Book  

Powered by Koha